University Home | Library Home | Institutional Repository

Middle East Journal (Record no. 4937)

MARC details
000 -LEADER
fixed length control field 01217cas a2200157 4500
008 - FIXED-LENGTH DATA ELEMENTS--GENERAL INFORMATION
fixed length control field 160802n eng u
022 ## - INTERNATIONAL STANDARD SERIAL NUMBER
International Standard Serial Number 19403461
035 ## - SYSTEM CONTROL NUMBER
System control number (Sirsi) a197018
050 ## - LIBRARY OF CONGRESS CALL NUMBER
Classification number http://www.jstor.org/journal/middeastj
245 ## - TITLE STATEMENT
Title Middle East Journal
260 ## - PUBLICATION, DISTRIBUTION, ETC.
Place of publication, distribution, etc. JSTOR
310 ## - CURRENT PUBLICATION FREQUENCY
Current publication frequency Quarterly
362 ## - DATES OF PUBLICATION AND/OR SEQUENTIAL DESIGNATION
Dates of publication and/or sequential designation Vol. 1, No. 1, 1947 - Vol.66, No. 4, 2012
520 ## - SUMMARY, ETC.
Summary, etc. The Middle East Journal explores the region's political and economic development, cultural and literary heritage, and ethnic and religious diversity. Published quarterly since 1947, the peer-reviewed Journal provides objective research and analysis on the region, on the area from Morocco to Pakistan and including Central Asia. The Journal's articles and book reviews come from renowned scholars and foreign policy analysts, and present some of the most respected voices in the field of Middle Eastern studies. Its Chronology, continuously maintained since 1946, is a valuable resource for scholars and students. The Journal provides the background necessary for an understanding and appreciation of the region's political and economic development, cultural heritage, and ethnic and religious diversity.
650 ## - SUBJECT ADDED ENTRY--TOPICAL TERM
Topical term or geographic name entry element Middle East Studies
Holdings
Withdrawn status Lost status Source of classification or shelving scheme Damaged status Not for loan Home library Current library Shelving location Total Checkouts Full call number Barcode Date last seen Copy number Uniform Resource Identifier Price effective from Koha item type
          Main Library Main Library Serials   HTTP://WWW.JSTOR.ORG/JOURNAL/MIDDEASTJ 34616642012 08/12/2019 1 http://www.jstor.org/journal/middeastj 08/12/2019 Electronic Resource
© 2026 - The University of Zambia Library - Koha v25.11